000
00203 a2200097 4500
001
41365
100
_a
Ann,
245
_a
The sultamate of oman a
260
_a
London
_b
Longman
_c
090
_c
25545
_d
25545
942
_a
NUST-CAE
_c
M
_c
17275
999
_c
276438
_d
276438